[Event "ESP-ch U18"]
[Site "Salobrena"]
[Date "2023.07.31"]
[Round "1"]
[White "Gonzalez De Miguel Yataco, Miguel"]
[Black "Gomez Falagan, Daniel"]
[Result "0-1"]
[WhiteElo "1807"]
[BlackElo "2252"]
[PlyCount "76"]
[EventDate "2023.07.31"]
[EventType "swiss"]
[EventRounds "9"]
[EventCountry "ESP"]
[SourceTitle "CBM 215 Extra"]
[Source "ChessBase"]
[SourceDate "2023.09.30"]
[SourceVersion "1"]
[SourceVersionDate "2023.09.30"]
[SourceQuality "1"]

1. e4 d6 2. d4 Nf6 3. Nc3 e5 4. dxe5 dxe5 5. Qxd8+ Kxd8 6. Bg5 Be7 7. 0-0-0+ Nbd7 8. Bc4 Ng4 9. Bxe7+ Kxe7 10. Nh3 c6 11. Rhe1 Nb6 12. Be2 Nh6 13. Rd3 a5 14. a4 f6 15. f4 Bxh3 16. Rxh3 exf4 17. Rf1 Nf7 18. Rxf4 Ne5 19. g4 Nbd7 20. Rg3 h6 21. Bd3 Nc5 22. Rf2 Rad8 23. Be2 Rd4 24. b3 Rxe4 25. Nxe4 Nxe4 26. Rff3 Nxg3 27. Rxg3 Rd8 28. Kb2 Rd4 29. Re3 Kd6 30. c3 Rf4 31. h3 Rf2 32. Ka3 g6 33. b4 axb4+ 34. Kxb4 f5 35. c4 f4 36. Re4 c5+ 37. Kb5 f3 38. Bd1 Rb2+ 0-1

[Event "ESP-ch U16 rapid"]
[Site "Salobrena"]
[Date "2023.07.30"]
[Round "6"]
[White "Gonzalez De Miguel Yataco, Miguel"]
[Black "Fernandez Climent, Albert"]
[Result "1-0"]
[WhiteElo "1649"]
[BlackElo "1916"]
[PlyCount "129"]
[EventDate "2023.07.29"]
[EventType "swiss (rapid)"]
[EventRounds "9"]
[EventCountry "ESP"]
[SourceTitle "EXT 2024"]
[Source "ChessBase"]
[SourceDate "2023.10.10"]
[SourceVersion "1"]
[SourceVersionDate "2023.10.10"]
[SourceQuality "1"]

1. e4 e6 2. b3 c5 3. Bb2 b6 4. Nf3 Bb7 5. Nc3 d6 6. d4 cxd4 7. Nxd4 Nf6 8. Bd3 Nbd7 9. Qd2 Be7 10. 0-0-0 a6 11. f4 Qc7 12. Qe2 b5 13. g4 b4 14. Na4 Nc5 15. Rhe1 Nfxe4 16. Bxe4 Nxe4 17. Rd3 Nc5 18. Re3 0-0 19. g5 Nxa4 20. bxa4 Bd5 21. Rh3 g6 22. Qf2 Rac8 23. Nf5 exf5 24. Rxh7 Qxc2+ 25. Qxc2 Rxc2+ 26. Kxc2 Kxh7 27. Rxe7 Rc8+ 28. Kd2 Kg8 29. Rd7 Be4 30. Bf6 d5 31. Ra7 Rb8 32. Rxa6 Kf8 33. Ra5 Ke8 34. Rb5 Rxb5 35. axb5 Kd7 36. Bd4 Kc7 37. Kc1 Bd3 38. b6+ Kc6 39. Kb2 Bc4 40. h4 Kb7 41. a3 bxa3+ 42. Kxa3 Kc6 43. Kb4 Be2 44. Kc3 Bh5 45. Be3 d4+ 46. Bxd4 Bf3 47. Be3 Bd5 48. Kd4 Be6 49. Ke5 Bc4 50. Kf6 Be6 51. Ke7 Kb7 52. Kf6 Kc6 53. h5 gxh5 54. g6 fxg6 55. Kxe6 h4 56. Kf6 h3 57. Bg1 h2 58. Bxh2 Kxb6 59. Kxg6 Kc6 60. Kxf5 Kd7 61. Kg6 Ke8 62. f5 Kf8 63. Kf6 Ke8 64. Kg7 Ke7 65. f6+ 1-0

[Event "ESP-ch U16 rapid"]
[Site "Salobrena"]
[Date "2023.07.29"]
[Round "2"]
[White "Gonzalez De Miguel Yataco, Miguel"]
[Black "Calvo Gonzalez, Jose Felix"]
[Result "1-0"]
[WhiteElo "1649"]
[BlackElo "1960"]
[PlyCount "95"]
[EventDate "2023.07.29"]
[EventType "swiss (rapid)"]
[EventRounds "9"]
[EventCountry "ESP"]
[SourceTitle "EXT 2024"]
[Source "ChessBase"]
[SourceDate "2023.10.10"]
[SourceVersion "1"]
[SourceVersionDate "2023.10.10"]
[SourceQuality "1"]

1. e4 Nf6 2. e5 Nd5 3. c4 Nb6 4. d4 d6 5. exd6 cxd6 6. Bd3 g6 7. Nf3 Bg7 8. 0-0 0-0 9. b3 Nc6 10. Bb2 Bg4 11. Be2 e5 12. d5 Ne7 13. Qc2 Rc8 14. Qd2 Nf5 15. Nc3 Bxf3 16. Bxf3 Nd4 17. Bd1 Nf5 18. Ne4 Nd7 19. Bc2 Nf6 20. Nxf6+ Qxf6 21. f4 Nd4 22. fxe5 Qxe5 23. Rae1 Nxb3 24. Bxb3 Qxb2 25. Qxb2 Bxb2 26. Re7 Rce8 27. Rxb7 f5 28. Kh1 Bd4 29. h3 Re2 30. Rd1 Bc5 31. Ba4 f4 32. Bd7 f3 33. gxf3 h5 34. Be6+ Kh8 35. Rf7 Rxf7 36. Bxf7 Kg7 37. Be6 Rxa2 38. Rb1 Kh6 39. h4 Bf2 40. Kg2 Bxh4+ 41. Kh3 Bf6 42. Rg1 Be5 43. Rg2 Ra1 44. Re2 Rc1 45. Rxe5 dxe5 46. d6 Kg7 47. d7 Rd1 48. Bd5 1-0

[Event "Valdepenas U1600 op 2nd"]
[Site "Valdepenas"]
[Date "2020.07.25"]
[Round "3.2"]
[White "Martinez Garcia, Jorge"]
[Black "Gonzalez De Miguel Yataco, Miguel"]
[Result "0-1"]
[WhiteElo "1461"]
[BlackElo "1576"]
[PlyCount "90"]
[EventDate "2020.07.25"]
[EventType "swiss (rapid)"]
[EventRounds "7"]
[EventCountry "ESP"]
[SourceTitle "EXT 2024"]
[Source "ChessBase"]
[SourceDate "2023.10.10"]
[SourceVersion "1"]
[SourceVersionDate "2023.10.10"]
[SourceQuality "1"]

1. e4 c5 2. Nf3 d6 3. d4 cxd4 4. Nxd4 Nf6 5. Nc3 a6 6. f3 e5 7. Nb3 Be6 8. Be3 Be7 9. Qd2 b5 10. Be2 Nbd7 11. Rd1 0-0 12. 0-0 Rc8 13. f4 Nb6 14. fxe5 dxe5 15. Qxd8 Bxd8 16. Rxd8 Rfxd8 17. Bxb6 Rd6 18. Be3 b4 19. Na4 Rxc2 20. Bf3 h6 21. Bc5 Bxb3 22. Bxd6 Bxa4 23. Bxe5 Nd7 24. Bd6 Rxb2 25. Rc1 a5 26. a3 b3 27. Bg4 Ra2 28. Bf5 g6 29. Bxd7 Bxd7 30. Be5 f5 31. exf5 Bxf5 32. Rc5 a4 33. Rc7 b2 34. Bxb2 Rxb2 35. Rc4 Bd7 36. Rd4 Be8 37. Re4 Kf7 38. Rf4+ Kg7 39. Re4 Bb5 40. Re7+ Kf6 41. Rb7 h5 42. Rb6+ Kg7 43. Rb7+ Kh6 44. h4 Rb3 45. Kf2 Bd3 0-1